[Event "SVM_Regionalliga_2024-25"]
[Site "?"]
[Date "2025.05.18"]
[Round "11.3"]
[Board "6"]
[White "Voigt,Ingrid"]
[Black "Schild,Willi"]
[WhiteTeam "SV Horrem 1"]
[BlackTeam "SG Siebengebirge 1"]
[WhiteElo "1990"]
[BlackElo "2022"]
[WhiteDWZ "1934"]
[BlackDWZ "1767"]
[Result "1/2-1/2"]
[PlyCount "162"]
[EventDate "2025.05.18"]
[SourceDate "2025.05.18"]
 
1. e4 d5 2. exd5 Qxd5 3. Nc3 Qd6 4. d4 Nf6 5. Nf3 Bg4 6. h3 Bxf3 7. Qxf3 c6 8. Be3 e6 9. O-O-O Qc7 10. g4 Bd6 11. g5 Nd5 12. Ne4 Nxe3 13. Nxd6+ Qxd6 14. fxe3 Qd5 15. e4 Qxg5+ 16. Kb1 Nd7 17. Bc4 Nb6 18. Bb3 Qf6 19. Qg3 O-O-O 20. c3 Rd7 21. Rhg1 g6 22. Rdf1 Qe7 23. Qe5 Rhd8 24. Rf6 Rc7 25. Rgf1 Nd7 26. Bxe6 fxe6 27. Qxe6 Qxe6 28. Rxe6 Rf8 29. Rxf8+ Nxf8 30. Re8+ Kd7 31. Rxf8 Ke7 32. Rf3 Ke6 33. Kc2 c5 34. Kd3 cxd4 35. cxd4 Rc1 36. Kd2 Rh1 37. a3 Rh2+ 38. Kc3 Re2 39. e5 Kd5 40. Rf7 Re3+ 41. Kd2 Rxh3 42. Rxb7 Kxd4 43. e6 Rh2+ 44. Ke1 Rh5 45. e7 Re5+ 46. Kf2 a5 47. Kf3 h5 48. Rd7+ Kc5 49. Kf4 Re6 50. Kg5 Kc6 51. Ra7 Kb6 52. Ra8 Rxe7 53. Kxg6 h4 54. Rh8 Re4 55. Kg5 a4 56. Kf5 Rc4 57. Ke5 Rg4 58. Kd5 Kc7 59. Rh6 Rf4 60. Kc5 Kd7 61. Kd5 Kc7 62. Rg6 Rf5+ 63. Ke4 Rh5 64. Rg2 h3 65. Rh2 Kd6 66. Kf4 Kd5 67. Kg4 Rh7 68. Kg3 Kc4 69. Kg4 Kb3 70. Kf4 Rc7 71. Ke4 Rc2 72. Rxh3+ Kxb2 73. Kd4 Ka2 74. Rc3 Rb2 75. Kd3 Rb3 76. Kc2 Kxa3 77. Rc4 Rb2+ 78. Kc1 Rg2 79. Rc3+ Kb4 80. Rh3 a3 81. Kb1 Rg1+ {(=)} 1/2-1/2

[Event "SVM_Regionalliga_2024-25"]
[Site "?"]
[Date "2025.05.18"]
[Round "11.3"]
[Board "7"]
[White "Borriss,Emma"]
[Black "Rechner,Klaus"]
[WhiteTeam "SG Siebengebirge 1"]
[BlackTeam "SV Horrem 1"]
[WhiteElo "1578"]
[BlackElo "2255"]
[WhiteDWZ "1609"]
[BlackDWZ "2043"]
[Result "0-1"]
[PlyCount "52"]
[EventDate "2025.05.18"]
[SourceDate "2025.05.18"]
 
1. e4 e5 2. Nf3 Nc6 3. Bc4 Nf6 4. Ng5 d5 5. exd5 Na5 6. Bb5+ c6 7. dxc6 bxc6 8. Be2 h6 9. Nf3 e4 10. Ng1 Bc5 11. c3 Qb6 12. d4 exd3 13. Qxd3 Bxf2+ 14. Kf1 O-O 15. b4 Nb7 16. Nh3 Bxh3 17. gxh3 Rfe8 18. Bd2 Rad8 19. Qf3 Ne4 20. Bd3 Nxd2+ 21. Nxd2 Qe3 22. Qxe3 Bxe3 23. Ba6 Rxd2 24. Bxb7 Bb6 25. Bxc6 Rf2+ 26. Kg1 Rxa2+ 0-1

[Event "SVM_Regionalliga_2024-25"]
[Site "?"]
[Date "2025.05.18"]
[Round "11.3"]
[Board "8"]
[White "Olschewski,Martin"]
[Black "Fast,Hartmut"]
[WhiteTeam "SV Horrem 1"]
[BlackTeam "SG Siebengebirge 1"]
[WhiteElo "1791"]
[BlackElo "1865"]
[WhiteDWZ "1694"]
[BlackDWZ "1824"]
[Result "1/2-1/2"]
[PlyCount "45"]
[EventDate "2025.05.18"]
[SourceDate "2025.05.18"]
 
1. Nf3 Nf6 2. g3 g6 3. Bg2 Bg7 4. O-O d6 5. d3 c5 6. e4 Nc6 7. a4 O-O 8. Nbd2 Bd7 9. Re1 Nh5 10. c3 Qc8 11. Nc4 h6 12. Be3 Bh3 13. d4 Bxg2 14. Kxg2 f5 15. dxc5 dxc5 16. Bxc5 fxe4 17. Qd5+ Kh7 18. Qxe4 Rf7 19. Rad1 Qc7 20. Qe6 Raf8 21. Rd7 Qc8 22. Rd3 Qc7 23. Rd7 {(=)} 1/2-1/2

[Event "SVM_Regionalliga_2024-25"]
[Site "?"]
[Date "2025.05.18"]
[Round "11.4"]
[Board "1"]
[White "Vandenbergen,Nicolas"]
[Black "Esser,Michael"]
[WhiteTeam "SK Turm Euskirchen 1"]
[BlackTeam "Bayer Leverkusen 1"]
[WhiteElo "2107"]
[BlackElo "1998"]
[WhiteDWZ "2097"]
[BlackDWZ "2017"]
[Result "1-0"]
[PlyCount "81"]
[EventDate "2025.05.18"]
[SourceDate "2025.05.18"]
 
1. Nc3 Nf6 2. e4 d5 3. e5 d4 4. Nce2 Ne4 5. f4 d3 6. cxd3 Nc5 7. Nc3 Nxd3+ 8. Bxd3 Qxd3 9. Qf3 Qxf3 10. Nxf3 Bf5 11. O-O Bd3 12. e6 Bxf1 13. Kxf1 fxe6 14. Nb5 Na6 15. b3 c6 16. Nbd4 Nc7 17. Ng5 Rd8 18. Bb2 h6 19. Ngxe6 Nxe6 20. Nxe6 Rxd2 21. Bc3 Rd6 22. f5 Rg8 23. Re1 g6 24. f6 Kf7 25. Nxf8 Kxf8 26. Rxe7 b6 27. Rxa7 g5 28. Rb7 c5 29. Ke2 g4 30. g3 Rg5 31. Ke3 Rgd5 {(=)} 32. Ke4 Rh5 33. Kf4 Rxh2 34. Kf5 Rxa2 35. Kg6 Ra8 36. Be5 Re6 37. Kf5 Rae8 38. Bf4 h5 39. Bh6+ Kg8 40. f7+ Kh8 41. Bg7+ 1-0

[Event "SVM_Regionalliga_2024-25"]
[Site "?"]
[Date "2025.05.18"]
[Round "11.4"]
[Board "2"]
[White "Böhm,Stefan"]
[Black "Brinkmann,Sven"]
[WhiteTeam "Bayer Leverkusen 1"]
[BlackTeam "SK Turm Euskirchen 1"]
[WhiteElo "1963"]
[BlackElo "2054"]
[WhiteDWZ "1961"]
[BlackDWZ "2014"]
[Result "1/2-1/2"]
[PlyCount "51"]
[EventDate "2025.05.18"]
[SourceDate "2025.05.18"]
 
1. d4 Nf6 2. c4 e6 3. Nc3 d5 4. cxd5 exd5 5. Bg5 c6 6. e3 Bf5 7. Qf3 Bg6 8. Bxf6 Qxf6 9. Qxf6 gxf6 10. Nf3 h5 11. Nh4 Bb4 12. Rc1 Nd7 13. a3 Be7 14. Ne2 f5 15. Nf3 h4 16. Nf4 Bd6 17. Bd3 a5 18. Kd2 Nf6 19. g3 hxg3 20. hxg3 Ke7 21. Nh4 Bxf4 22. gxf4 Ne4+ 23. Ke1 Kf6 24. f3 Nd6 25. Kf2 Rh5 26. Nxg6 {(=)} 1/2-1/2

[Event "SVM_Regionalliga_2024-25"]
[Site "?"]
[Date "2025.05.18"]
[Round "11.4"]
[Board "3"]
[White "Neubauer,Jürgen"]
[Black "Mazaheri Tehrani,Mehrdad"]
[WhiteTeam "SK Turm Euskirchen 1"]
[BlackTeam "Bayer Leverkusen 1"]
[WhiteElo "1990"]
[BlackElo "1921"]
[WhiteDWZ "1944"]
[BlackDWZ "1862"]
[Result "1/2-1/2"]
[PlyCount "84"]
[EventDate "2025.05.18"]
[SourceDate "2025.05.18"]
 
1. e4 c5 2. Nf3 g6 3. c3 d5 4. Bb5+ Bd7 5. Qe2 dxe4 6. Bxd7+ Nxd7 7. Qxe4 Qc7 8. O-O Ngf6 9. Qe2 Bg7 10. Na3 a6 11. d4 O-O 12. Bg5 b5 13. Nc2 Rfe8 14. a4 e5 15. dxc5 Qxc5 16. axb5 axb5 17. Nb4 Nd5 18. Rxa8 Rxa8 19. Qe4 N7b6 20. Nxd5 Qxd5 21. Qxd5 Nxd5 22. g3 e4 23. Nd2 f5 24. Rd1 Nb6 25. Be3 Na4 26. Rb1 Rc8 27. Nb3 Rc4 28. Na5 Rc8 29. Kf1 Nc5 30. Ke2 Nd3 31. Nb3 Ra8 32. Kd2 Ra2 33. Kc2 b4 34. Nd4 bxc3 35. Kxc3 h6 36. h4 Bf8 37. Ne6 Bb4+ 38. Kb3 Ra6 39. Nf4 Nxf4 40. Kxb4 Nd3+ 41. Kb5 Ra2 42. Bxh6 Rxb2+ {(=)} 1/2-1/2

[Event "SVM_Regionalliga_2024-25"]
[Site "?"]
[Date "2025.05.18"]
[Round "11.4"]
[Board "4"]
[White "Lessing,Sebastian"]
[Black "Reckers,Sebastian"]
[WhiteTeam "Bayer Leverkusen 1"]
[BlackTeam "SK Turm Euskirchen 1"]
[WhiteElo "1892"]
[BlackElo "2012"]
[WhiteDWZ "1856"]
[BlackDWZ "1893"]
[Result "1-0"]
[PlyCount "71"]
[EventDate "2025.05.18"]
[SourceDate "2025.05.18"]
 
1. Nc3 c5 2. e4 Nc6 3. f4 d6 4. Bb5 g6 5. d3 Bg7 6. Be3 e6 7. Nf3 Nge7 8. Qd2 a6 9. Bxc6+ Nxc6 10. O-O-O O-O 11. g4 Nd4 12. Bxd4 cxd4 13. Ne2 e5 14. f5 b5 15. h4 {(=)} a5 16. Ng3 d5 17. h5 dxe4 18. dxe4 g5 19. h6 Bf6 20. Rh5 Kh8 21. Nxg5 Bxg5 22. Rxg5 Ra6 23. Rh1 Rd6 24. Rg7 d3 25. c3 Qc7 26. Qg5 f6 27. Qxf6 Qxc3+ 28. bxc3 Rfxf6 29. g5 Rf8 30. Nh5 d2+ 31. Kd1 Rxf5 32. exf5 Bxf5 33. Nf6 Rd8 34. Re7 Bb1 35. Re8+ Rxe8 36. Nxe8 1-0

[Event "SVM_Regionalliga_2024-25"]
[Site "?"]
[Date "2025.05.18"]
[Round "11.4"]
[Board "5"]
[White "Bauchmüller,Heinrich"]
[Black "Eßer,Julian"]
[WhiteTeam "SK Turm Euskirchen 1"]
[BlackTeam "Bayer Leverkusen 1"]
[WhiteElo "1710"]
[BlackElo "1939"]
[WhiteDWZ "1467"]
[BlackDWZ "1971"]
[Result "0-1"]
[PlyCount "94"]
[EventDate "2025.05.18"]
[SourceDate "2025.05.18"]
 
1. c4 e6 2. d4 d5 3. c5 c6 4. Nf3 Nd7 5. b4 a5 6. Bd2 axb4 7. Bxb4 b6 8. e3 bxc5 9. dxc5 Bxc5 10. Bxc5 Qa5+ 11. Nbd2 Qxc5 12. Be2 Ne7 13. O-O O-O 14. Nb3 Qa7 15. Nfd4 Ba6 16. Bxa6 Qxa6 17. Qc2 Rfc8 18. Nc5 Nxc5 19. Qxc5 Qa3 20. Qc2 c5 21. Nb5 Qa4 22. Qxa4 Rxa4 23. h3 Nc6 24. a3 Kf8 25. Nc3 Ra7 26. Rfb1 {(=)} Rca8 27. a4 Nb4 28. Rb2 f5 29. f3 e5 30. Rd1 d4 31. exd4 exd4 32. Nb5 Rxa4 33. Kh2 Ra2 34. Rbb1 Nd5 35. Rbc1 Ne3 36. Rg1 Rc2 37. Nc7 Rc8 38. Rxc2 Nxc2 39. Ne6+ Kf7 40. Nf4 c4 41. Rc1 d3 42. Kg1 d2 43. Rd1 c3 44. Kf2 Nd4 45. Nd3 Nb3 46. Ke3 Re8+ 47. Kf2 c2 0-1

[Event "SVM_Regionalliga_2024-25"]
[Site "?"]
[Date "2025.05.18"]
[Round "11.5"]
[Board "1"]
[White "Marcziter,Alex"]
[Black "Kocur,Alois"]
[WhiteTeam "SG Porz 4"]
[BlackTeam "SV Springer Hitdorf 1"]
[WhiteElo "2040"]
[BlackElo "2243"]
[WhiteDWZ "2085"]
[BlackDWZ "2180"]
[Result "1-0"]
[PlyCount "67"]
[EventDate "2025.05.18"]
[SourceDate "2025.05.18"]
 
1. e4 e5 2. Nf3 Nc6 3. Bc4 Bc5 4. c3 Nf6 5. d3 O-O 6. O-O d5 7. exd5 Nxd5 8. b4 Bb6 9. h3 a6 10. Re1 Be6 11. Qc2 Qf6 12. Nbd2 Rad8 13. Ne4 Qg6 14. Kh2 h6 15. a4 Kh8 16. b5 f5 17. Ng3 f4 18. Ne4 axb5 19. axb5 Nce7 20. Nxe5 Qh5 21. d4 f3 {(=)} 22. g4 Qh4 23. Bxd5 Rxd5 24. Ba3 Kg8 25. Bxe7 Qxe7 26. Ng6 Qf7 27. Nxf8 Qxf8 28. Ng3 Bd7 29. Qb3 Qf7 30. Ra8+ Kh7 31. Qc2+ g6 32. c4 Rxd4 33. c5 Rc4 34. Qxc4 1-0

[Event "SVM_Regionalliga_2024-25"]
[Site "?"]
[Date "2025.05.18"]
[Round "11.5"]
[Board "3"]
[White "Heedt,Thorsten"]
[Black "Schmitz,Andreas Arnold"]
[WhiteTeam "SG Porz 4"]
[BlackTeam "SV Springer Hitdorf 1"]
[WhiteElo "2091"]
[BlackElo "1967"]
[WhiteDWZ "2049"]
[BlackDWZ "2021"]
[Result "1/2-1/2"]
[PlyCount "107"]
[EventDate "2025.05.18"]
[SourceDate "2025.05.18"]
 
1. c4 e5 2. g3 Nf6 3. Bg2 Bc5 4. Nc3 O-O 5. e3 Re8 6. Nge2 Nc6 7. O-O e4 8. d4 exd3 9. Nf4 d6 10. Nxd3 Bg4 11. f3 Bf5 12. Nxc5 dxc5 13. Nd5 Be6 14. e4 Nd4 15. Bd2 c6 16. Nxf6+ Qxf6 17. Rc1 Qg6 18. Qe1 f6 19. Be3 Qf7 20. b3 Rad8 21. Qf2 Qd7 22. Rfd1 Bf7 23. g4 Re6 24. Rd2 Rd6 25. Rcd1 Qe7 26. Bxd4 Rxd4 27. Rxd4 cxd4 28. Rxd4 Rxd4 29. Qxd4 c5 30. Qd2 g5 31. f4 h6 32. h3 Kf8 33. Kf2 Qc7 34. e5 Ke7 35. exf6+ Kxf6 36. Qb2+ Ke7 37. Qe5+ Qxe5 38. fxe5 b6 39. Ke3 Bg6 40. Be4 Be8 41. Bf5 Bc6 42. Kf2 b5 43. cxb5 Bxb5 44. Kg3 a5 45. h4 a4 46. bxa4 gxh4+ 47. Kxh4 Bxa4 48. Kh5 c4 49. Kxh6 c3 50. g5 c2 51. Bxc2 Bxc2 52. a4 Bxa4 53. g6 Bb3 54. g7 {(=)} 1/2-1/2

[Event "SVM_Regionalliga_2024-25"]
[Site "?"]
[Date "2025.05.18"]
[Round "11.5"]
[Board "5"]
[White "Sistig,Max"]
[Black "Schmitz,Manuela"]
[WhiteTeam "SG Porz 4"]
[BlackTeam "SV Springer Hitdorf 1"]
[WhiteElo "1963"]
[BlackElo "1815"]
[WhiteDWZ "2007"]
[BlackDWZ "1846"]
[Result "1-0"]
[PlyCount "87"]
[EventDate "2025.05.18"]
[SourceDate "2025.05.18"]
 
1. d4 d5 2. c4 e6 3. Nc3 Nf6 4. cxd5 exd5 5. Bg5 Be7 6. e3 c6 7. Bd3 O-O 8. Qc2 Nbd7 9. Nge2 Re8 10. O-O Nf8 11. Rae1 Bg4 12. f3 Bh5 13. Ng3 Bg6 14. Nf5 h6 15. Bh4 Bxf5 16. Bxf5 Nh5 17. Bf2 g6 18. Bd3 Bf6 19. Ne2 Bg5 20. e4 Nf4 21. Nxf4 Bxf4 22. e5 h5 23. g3 Bh6 24. f4 Qa5 25. a3 Re7 26. Rd1 Kh7 27. b4 Qb6 28. f5 a5 29. Qc5 Qc7 30. b5 Rc8 31. b6 Qd8 32. Qxa5 Nd7 33. Rb1 c5 34. e6 Nf8 35. exf7 c4 36. fxg6+ Nxg6 37. Bf5 Rc6 38. Rb5 Rd6 39. Rc5 Kg7 40. Rc8 Qxb6 41. Qxb6 Rxb6 42. Bxg6 Kxg6 43. f8=Q Bxf8 44. Rxf8 1-0

[Event "SVM_Regionalliga_2024-25"]
[Site "?"]
[Date "2025.05.18"]
[Round "11.5"]
[Board "6"]
[White "Kocur,Beata"]
[Black "Thiemonds,Uli"]
[WhiteTeam "SV Springer Hitdorf 1"]
[BlackTeam "SG Porz 4"]
[WhiteElo "1914"]
[BlackElo "2055"]
[WhiteDWZ "1781"]
[BlackDWZ "2014"]
[Result "0-1"]
[PlyCount "72"]
[EventDate "2025.05.18"]
[SourceDate "2025.05.18"]
 
1. e4 e6 2. Nf3 d5 3. e5 c5 4. c3 Nc6 5. Na3 Nge7 6. d4 Nf5 7. Nc2 Be7 8. Bd3 O-O 9. O-O cxd4 10. cxd4 Qb6 11. g4 Nh6 12. Bxh6 gxh6 13. Qd2 Kg7 14. Kh1 Qd8 15. Rg1 Bg5 16. Nxg5 hxg5 17. Qe3 Bd7 18. f4 gxf4 19. Qxf4 f6 20. Qe3 fxe5 21. dxe5 Be8 22. Rg3 Bg6 23. Bxg6 hxg6 24. Rh3 Rh8 25. Rxh8 Qxh8 26. Rd1 Rf8 27. Nd4 {(=)} Nxd4 28. Qxd4 Qh3 29. Kg1 Qf3 30. Qa4 Rf4 31. Qd7+ Rf7 32. Qa4 b5 33. Qc2 Qxg4+ 34. Kh1 Qf3+ 35. Kg1 Rf5 36. Qc7+ Kh6 0-1

[Event "SVM_Regionalliga_2024-25"]
[Site "?"]
[Date "2025.05.18"]
[Round "11.6"]
[Board "1"]
[White "Menzel,Maximilian"]
[Black "Henrotte,Nils"]
[WhiteTeam "SG Porz 3"]
[BlackTeam "Eschweiler SC 1"]
[WhiteElo "2194"]
[BlackElo "1987"]
[WhiteDWZ "2145"]
[BlackDWZ "1957"]
[Result "1-0"]
[PlyCount "89"]
[EventDate "2025.05.18"]
[SourceDate "2025.05.18"]
 
1. d4 Nf6 2. Nf3 Ne4 3. g3 d5 4. Bg2 e6 5. O-O Nd7 6. c4 c6 7. Nbd2 f5 8. Nxe4 dxe4 9. Ng5 Nf6 10. f3 h6 11. Nh3 exf3 12. exf3 Bd6 13. Re1 O-O 14. Nf4 Re8 15. Nd3 Bc7 16. Be3 Nd7 17. f4 Qf6 18. Qh5 Qf7 19. Qe2 a5 20. Rad1 Nb6 21. b3 Qf6 22. Qf2 Nd7 23. Bf3 g6 24. Kh1 Kh7 25. Bc1 Bb6 26. Bb2 Qf7 27. Qd2 Bd8 28. Bc3 Bf6 29. Qb2 Ra6 30. d5 cxd5 31. cxd5 exd5 32. Rxe8 Qxe8 33. Bxd5 Rd6 34. Ne5 Qh8 35. Bg8+ Qxg8 36. Rxd6 Nxe5 37. Bxe5 Be7 38. Rd3 b5 39. h3 Qe6 40. Kh2 Bb7 41. Qc1 Qb6 42. Bd4 Qd8 43. Qe3 Be4 44. Rd2 Qf8 45. Bb2 1-0

[Event "SVM_Regionalliga_2024-25"]
[Site "?"]
[Date "2025.05.18"]
[Round "11.6"]
[Board "2"]
[White "Kliffken,Julian"]
[Black "Finke,Kai"]
[WhiteTeam "Eschweiler SC 1"]
[BlackTeam "SG Porz 3"]
[WhiteElo "1767"]
[BlackElo "2111"]
[WhiteDWZ "2043"]
[BlackDWZ "2131"]
[Result "1/2-1/2"]
[PlyCount "67"]
[EventDate "2025.05.18"]
[SourceDate "2025.05.18"]
 
1. d4 Nf6 2. c4 e6 3. Nc3 Bb4 4. Qc2 O-O 5. a3 Bxc3+ 6. Qxc3 b6 7. Nf3 Bb7 8. Bg5 d6 9. e3 Nbd7 10. Bd3 Qe7 11. O-O h6 12. Bh4 g5 13. Bg3 Ne4 14. Bxe4 Bxe4 15. Nd2 Bb7 16. f4 f5 17. Rae1 Nf6 18. h3 Ne4 19. Nxe4 Bxe4 20. Qd2 Kh7 21. Rf2 Rg8 22. Ree2 a5 23. fxg5 Qxg5 24. Bf4 Qh4 25. Kf1 Rg6 26. Qc3 Rag8 27. Bh2 Qe7 28. Rd2 Qg7 29. g3 Qd7 30. b3 Qc6 31. Ke1 R6g7 32. Kd1 Rb8 33. a4 h5 34. Kc1 {(=)} 1/2-1/2

[Event "SVM_Regionalliga_2024-25"]
[Site "?"]
[Date "2025.05.18"]
[Round "11.6"]
[Board "3"]
[White "Savchenko,Daniel"]
[Black "Schüller,Tobias"]
[WhiteTeam "SG Porz 3"]
[BlackTeam "Eschweiler SC 1"]
[WhiteElo "2052"]
[BlackElo "2015"]
[WhiteDWZ "2060"]
[BlackDWZ "2004"]
[Result "1/2-1/2"]
[PlyCount "121"]
[EventDate "2025.05.18"]
[SourceDate "2025.05.18"]
 
1. e4 e5 2. Nf3 Nf6 3. d4 Nxe4 4. Bd3 d5 5. dxe5 Nc5 6. Be2 Bg4 7. Bg5 Qd7 8. h3 Bh5 9. Nc3 c6 10. Nd4 Bxe2 11. Ncxe2 Ne6 12. Bh4 Nxd4 13. Qxd4 Be7 14. O-O-O Bxh4 15. Qxh4 Qe7 16. Qg3 Nd7 17. Nd4 O-O 18. f4 Rfe8 19. Nf5 Qf8 20. Nd6 Reb8 21. Qg4 Nb6 22. h4 Nc8 {(=)} 23. Nf5 Ne7 24. Ne3 f6 25. h5 fxe5 26. fxe5 Qc8 27. e6 Qc7 28. Rhf1 Rf8 29. Rf7 Rxf7 30. exf7+ Kf8 31. h6 Qe5 32. hxg7+ Qxg7 33. Qh3 Rd8 34. Rf1 Rd6 35. Nf5 Qg5+ 36. Kb1 Nxf5 37. Rxf5 Rf6 38. Rf3 Rxf3 39. Qxf3 Qe7 40. b3 Qxf7 41. Qg3 a6 42. Qg5 {(=)} Qg7 43. Qf4+ Ke7 44. g3 Qf7 45. Qe5+ Kd7 46. a4 Qe7 47. Qf5+ Kd6 48. Qf4+ Kc5 49. Kb2 Qe4 50. Qf8+ Kb6 51. Qd8+ Ka7 52. Qc7 h5 53. a5 Qe3 54. Kb1 Qc5 55. c3 Qb5 56. Kc2 c5 57. Qe5 c4 58. b4 Qa4+ 59. Kd2 Qa2+ 60. Ke3 Qg2 61. Qd4+ {(=)} 1/2-1/2

[Event "SVM_Regionalliga_2024-25"]
[Site "?"]
[Date "2025.05.18"]
[Round "11.6"]
[Board "4"]
[White "Weisshaupt,Rainer"]
[Black "Kremser,Michael"]
[WhiteTeam "Eschweiler SC 1"]
[BlackTeam "SG Porz 3"]
[WhiteElo "2059"]
[BlackElo "2024"]
[WhiteDWZ "1929"]
[BlackDWZ "2075"]
[Result "1/2-1/2"]
[PlyCount "98"]
[EventDate "2025.05.18"]
[SourceDate "2025.05.18"]
 
1. e4 c6 2. Nc3 d5 3. Nf3 dxe4 4. Nxe4 Nd7 5. Bc4 e6 6. O-O Ngf6 7. Nxf6+ Nxf6 8. d4 Be7 9. Re1 O-O 10. c3 b6 11. Bg5 Bb7 12. Qe2 h6 13. Bh4 Nd5 14. Bxe7 Qxe7 15. Bxd5 cxd5 16. Qe5 b5 17. Nd2 b4 18. Nb3 a5 19. Nc5 Bc6 20. Re3 Rfb8 21. Rg3 g6 22. f4 bxc3 23. bxc3 Qe8 24. Re3 Rb2 25. h4 Qb8 26. Qf6 Qd8 27. Qxd8+ Rxd8 28. h5 Kg7 29. hxg6 Kxg6 30. Nd3 Rb6 31. Rf1 Bb5 32. Ne5+ Kf6 33. Rf2 Bc4 34. f5 Rb1+ 35. Kh2 Rf1 36. Rxf1 Bxf1 37. Rf3 Bc4 38. fxe6+ Kxe6 39. Rxf7 Bxa2 40. Ra7 Rc8 41. Rxa5 Bb1 42. Ra6+ Kf5 43. Rxh6 Rxc3 44. Rh5+ Ke4 45. Nf3 Rxf3 46. gxf3+ Kxf3 47. Rxd5 Ke4 48. Rd8 Ba2 49. Ra8 Bc4 {(=)} 1/2-1/2

[Event "SVM_Regionalliga_2024-25"]
[Site "?"]
[Date "2025.05.18"]
[Round "11.6"]
[Board "6"]
[White "Oepen,Lothar"]
[Black "Kagan,Dennis"]
[WhiteTeam "Eschweiler SC 1"]
[BlackTeam "SG Porz 3"]
[WhiteElo "2064"]
[BlackElo "2021"]
[WhiteDWZ "2036"]
[BlackDWZ "2004"]
[Result "1/2-1/2"]
[PlyCount "39"]
[EventDate "2025.05.18"]
[SourceDate "2025.05.18"]
 
1. c4 e6 2. Nc3 d5 3. d4 Nf6 4. Bg5 Be7 5. Nf3 O-O 6. a3 b6 7. cxd5 exd5 8. e3 Bb7 9. b4 Nbd7 10. Qb3 Ne4 11. Bxe7 Qxe7 12. b5 Nxc3 13. Qxc3 Rac8 14. Qb4 Rfe8 15. Bd3 c5 16. bxc6 Rxc6 17. Qxe7 Rxe7 18. Kd2 Nb8 19. Ne5 Rcc7 20. Rhc1 {(=)} 1/2-1/2